000 01311naa a22003977a 4500
001 BR7805178
003 BR-BrBNA
005 20240918174202.0
007 ta
008 230509b bl.||||| |||| 00| 0 por d
040 _aBR-BrBNA
_bpor
_cBiblioteca Nacional de Agricultura
041 _a(Pt)
072 _aF60; S10
_b/G514
090 _aF60 BR7805178
100 1 _aCarvalho, V.D. de
100 1 _aCouto, F.A.A.
100 1 _aDuarte, G. de S.
100 1 _aChalfun, N.N.J.
100 1 _aCarvalho, J.G. de
100 1 _aPaula, M.B. de
100 1 _aPadua, T. de
100 1 _aChitarra, M.I.F.
245 1 _aInfluencia da posicao dos frutos na arvore nas suas caracteristicas fisicas e quimicas [maturacao, raio solar, Minas Gerais, Brasil]
260 3 _aBelo Horizonte, MG (Brasil):
_c1978.
500 _aProjeto fruticultura. Relatorio 1974/77 Belo Horizonte, MG (Brasil): 1978. p. 290-304 (BR7805178-AM)F60
650 _aFISIOLOGIA VEGETAL
650 _aCOMPOSICAO DE ALIMENTO
650 _aFRUTO
650 _aMATURACAO
650 _aFRUTO
650 _aRAIO SOLAR
650 _aMINAS GERAIS
773 0 _tProjeto fruticultura. Relatorio 1974/77
_wF60 BR7805178
_gBelo Horizonte, MG (Brasil), 1978. p. 290-304
909 _a202404
_bLucia
_c55
_dLucia Elande
942 _cAM
_2AGRIS
999 _c309454
_d309454